[Event "Barcelona Espiga de les Corts-B 1st"]
[Site "Barcelona"]
[Date "2018.04.14"]
[Round "1.4"]
[White "Farres Garcia, Joan"]
[Black "Pallas Casadevalls, Joaquim"]
[Result "1-0"]
[WhiteElo "1718"]
[BlackElo "1616"]
[PlyCount "53"]
[EventDate "2018.04.14"]
[EventType "swiss"]
[EventRounds "9"]
[EventCountry "ESP"]
[SourceTitle "EXT 2024"]
[Source "ChessBase"]
[SourceDate "2023.10.10"]
[SourceVersion "1"]
[SourceVersionDate "2023.10.10"]
[SourceQuality "1"]

1. e4 d6 2. d4 g6 3. Nf3 Bg7 4. Nc3 Nc6 5. Bc4 h6 6. 0-0 Bd7 7. Re1 Bg4 8. h3 Bxf3 9. Qxf3 e6 10. d5 Ne5 11. Qe2 Nxc4 12. Qxc4 e5 13. Qb5+ c6 14. dxc6 bxc6 15. Qxc6+ Kf8 16. Nd5 Bf6 17. Bd2 Kg7 18. Bb4 Ne7 19. Nxe7 Bxe7 20. Rad1 Rc8 21. Qa4 Qc7 22. Bc3 Bg5 23. Rd5 Be7 24. f4 Rhe8 25. fxe5 Qb6+ 26. Bd4 Qb7 27. exd6+ 1-0